000 01310cam a2200337 4500
001 X111746
008 000000n2001 000 0 eng u
035 _a(Sirsi) u111746
100 _aMcIntosh, M.
245 _aRepairs update
260 _c2001
490 _aSolicitors' Journal
_v145(11) 23 March 2001, 261-262(2)
520 _aProvides a useful update of cases heard in the last 12 months (February 2000-Februray 2001) that have dealt with the following issues relating to repairs: obligation to repair; scope and standard of repair; remedies: forfeiture and damages; service charges.
650 _aREPAIRS
650 _aOBLIGATION TO REPAIR
650 _aFORFEITURE
650 _aDAMAGES
650 _aSERVICE CHARGES
650 _aHALLISEY V PETMOOR DEVELOPMENTS
650 _aPETERSSON V PITT PLACE (EPSOM)
650 _aIBRAHIM V DOVECORN REVERSIONS LTD
650 _aWANDSWORTH LBC V GRIFFIN AND ANOTHER
650 _aFLUOR DANIEL PROPERTIES LTD V SHORTLANDS INVESTMENTS LTD
650 _aCREDIT SUISSE V BEEGAS NOMINEES LTD
650 _aWELSH V GREENWICH LBC
650 _aTARGET HOME LOANS LTD V IZA LTD
650 _aALCOA MINERALS OF JAMAICA V BRODERICK
650 _aSUN LIFE ASSURANCE PLC V RACAL TRACS LTD
690 _aLandlord and tenant
_96252
942 _n0
999 _c66580
_d66580